Bhasa sahityar samikkhan (Record no. 4571)

MARC details
000 -LEADER
fixed length control field 00588cam a2200217ua 4500
008 - FIXED-LENGTH DATA ELEMENTS--GENERAL INFORMATION
fixed length control field 150202n ii |||gr||||Z||||||asm
020 ## - INTERNATIONAL STANDARD BOOK NUMBER
International Standard Book Number 978-81-7213-128-9
040 ## - CATALOGING SOURCE
Transcribing agency MAIN
041 ## - LANGUAGE CODE
-- asm
082 ## - DEWEY DECIMAL CLASSIFICATION NUMBER
Classification number 491.451
100 ## - MAIN ENTRY--PERSONAL NAME
Personal name Sonowal, Kakali,
Relator term
245 ## - TITLE STATEMENT
Title Bhasa sahityar samikkhan
Statement of responsibility, etc. by Kakali Sonowal
250 ## - EDITION STATEMENT
Edition statement 1st.
260 ## - PUBLICATION, DISTRIBUTION, ETC.
Place of publication, distribution, etc. Guwahati:
Name of publisher, distributor, etc. Purbanchal Prakash,
Date of publication, distribution, etc. 2011.
300 ## - PHYSICAL DESCRIPTION
Extent 190p:
Dimensions 18cm.
700 ## - ADDED ENTRY--PERSONAL NAME
Personal name Konwar, Kritanjali,
Relator term
700 ## - ADDED ENTRY--PERSONAL NAME
Personal name Das, Bijoylakshmi,
Relator term
942 ## - ADDED ENTRY ELEMENTS (KOHA)
Koha item type Books
653 ## - INDEX TERM--UNCONTROLLED
Uncontrolled term East Indo-European & Celtic languages
Holdings
Withdrawn status Lost status Damaged status Not for loan Home library Current library Shelving location Date acquired Total Checkouts Full call number Barcode Date last seen Copy number Price effective from Koha item type Date last checked out
        Naharkatiya College Library Naharkatiya College Library General Stacks 19/09/2020   491.451 | BHA 20745 19/09/2020 1 19/09/2020 Books  
        Naharkatiya College Library Naharkatiya College Library General Stacks 19/09/2020 2 491.451 | BHA 20746 07/01/2022 2 19/09/2020 Books 06/12/2021

Naharkatiya College © 2020. All rights reserved.

Powered By